Chełm - quiz wielokrotnego wyboru - Statystyki

Ogólne statystyki
  • Ten quiz został rozwiązany 76 razy
  • Średni wynik to 6 z 10
Statystyki odpowiedzi
Zagadnienie Odpowiedź % Poprawnych
Które z poniższych zdjęć nie przedstawia miejsca znajdującego się w Chełmie?
89%
Jak nazywa się najlepszy klub piłkarski z Chełma? Chełmianka
84%
Który z poniższych surowców mineralnych wydobywany był w Chełmie od XVI w. do XVIII w? Kreda
79%
Która z poniższych kultur nie miała znaczącego wpływu na historię Chełma? Niemiecka
71%
Która z poniższych rzek przepływa przez Chełm? Uherka
67%
Który przywódca powstania kozackiego był odpowiedzialny za spalenie Chełma w 1648 roku? Bohdan Chmielnicki
62%
Która z poniższych osób nie urodziła się w Chełmie? Andrzej Wajda
60%
Kto dowodził siłami polskimi podczas bitwy pod Chełmem w 1794 r? Józef Zajączek
37%
Który biskup chełmski był odpowiedzialny za remont i rozbudowę katedry chełmskiej w latach 1711–1730? Józef Lewicki
24%
Jak nazywa się kraina historyczna, na której terenie położony jest Chełm? Ruś Czerwona
24%
Nie znaleziono quizów pasujących do podanych kryteriów
Rozkład punktacji
Procent ludzi z każdym wynikiem
Percentyl według liczby udzielonych odpowiedzi
Twoja historia wyników
Nie rozwiązałeś tego quizu